Vật liệu làm khuôn cắt

Zapisane w:
Opis bibliograficzny
1. autor: Đinh, Quảng Năng
Format: Książka
Język:Undetermined
Wydane: Hà Nội Khoa học và Kỹ thuật 2003
Hasła przedmiotowe:
Etykiety: Dodaj etykietę
Nie ma etykietki, Dołącz pierwszą etykiete!
Thư viện lưu trữ: Trung tâm Học liệu Trường Đại học Cần Thơ
LEADER 00567nam a2200193Ia 4500
001 CTU_59358
008 210402s9999 xx 000 0 und d
020 |c 38000 
082 |a 621.984 
082 |b N116 
100 |a Đinh, Quảng Năng 
245 0 |a Vật liệu làm khuôn cắt 
245 0 |c Đinh Quảng Năng 
260 |a Hà Nội 
260 |b Khoa học và Kỹ thuật 
260 |c 2003 
650 |a Sand, foundry,Molding materials 
904 |i Minh,Qhieu đã sửa 
980 |a Trung tâm Học liệu Trường Đại học Cần Thơ